Recopilación de leyes por orden numérico, con índices onomástico, temático, numérico y por ministerios

Saved in:
Bibliografiske detaljer
Institution som forfatter: Contraloría General de la República (Author)
Format: Bog
Sprog:spansk
Udgivet: Santiago Contraloría General de la República 1960
Fag:
Tags: Tilføj Tag
Ingen Tags, Vær først til at tagge denne postø!

MARC

LEADER 00000nam a2200000 a 4500
001 UCR0660
003 CL-VaPUC
008 971205e19600000CL |||||||||||||||||spa|d
082 0 4 |a 348.022  |b CON  |2 21 
110 2 |a Contraloría General de la República  |e author  |9 396682 
245 1 0 |a Recopilación de leyes por orden numérico, con índices onomástico, temático, numérico y por ministerios 
300 |a t 
942 |c BK 
945 |d 19971205 00:00:00  |a lriquelm 
260 |a Santiago  |b Contraloría General de la República  |c 1960 
500 |a Contiene: desde la ley 13.286, de 16 de Enero de 1959 a la 13.928, de 21 de Marzo de 1960 
500 |a Donación profesor Fernando Recio Olguín 
650 7 |a LEGISLACION  |2 CL-VaPUC  |9 396683 
650 0 |a Leyes  |9 256670 
650 7 |a FUENTES  |2 CL-VaPUC  |9 255666 
650 7 |a DERECHO CHILENO  |2 CL-VaPUC  |9 396684 
650 7 |a DECRETOS SUPREMOS  |2 CL-VaPUC  |9 396008 
650 7 |a DECRETO CON FUERZA DE LEY  |2 CL-VaPUC  |9 358086 
650 0 |a Tratados internacionales   |9 256056 
650 7 |a PROTOCOLOS  |2 CL-VaPUC  |9 386841 
650 0 |a Acuerdos internacionales  |9 337381 
651 7 |a CHILE  |2 CL-VaPUC  |9 396685 
583 |a last modification  |c 20140410 09:32:14  |k Rodrigo Vera 
999 |c 264159  |d 264157 
952 |0 0  |1 0  |4 0  |6 348_022000000000000_CON_1960  |7 0  |8 F  |9 293998  |a BIBDER  |b BIBDER  |d 2019-11-19  |h t.47 p.1  |i 1910086  |o 348.022 CON 1960  |p 1910086  |r 2023-01-25  |w 2019-11-19  |y BK_F  |k DER 
952 |0 0  |1 0  |4 0  |6 348_022000000000000_CON_1960  |7 0  |8 F  |9 293999  |a BIBDER  |b BIBDER  |d 2019-11-19  |h t.47 p.2  |i 1910361  |o 348.022 CON 1960  |p 1910361  |r 2023-01-25  |w 2019-11-19  |y BK_F  |k DER 
952 |0 0  |1 0  |4 0  |6 348_022000000000000_CON_1960  |7 0  |8 X  |9 294000  |a BIBHIS  |b BIBHIS  |d 2019-11-19  |h t.47  |i 2128535  |o 348.022 CON 1960  |p 2128535  |r 2024-01-30  |w 2019-11-19  |y BK_X  |k HIS